000 00663nam a22001817a 4500
003 NUST
040 _a0
082 _a621.382,BAT
100 _aBatool, Bushra
_9118398
245 _aHardware Backdoor Analysis Toolkit (HBAT) /
_cBushra Batool, Asma Rashid, Tehreem Fatima and Izza Batool. (TCC-31 / BETE-56)
264 _aRawalpindi
_bMCS (NUST)
_c2023
300 _a62 p.;
505 _aIntroduction (Page-1), Background (Page-12), Methodology (Page-18), Implementation (Page-21), Conclusion (Page-35).
650 _a UG EE Project
_9118090
690 _aTCC-31 / BETE-56
_9118237
700 _aSupervised by Dr. Haider Abbas
_9132603
942 _2ddc
_cPR
999 _c603352
_d603352